00791nam a22002294a 450000500170000000800410001701000140005802000230007203500130009503700150010804000180012308200110014110000220015224500530017426000390022727000580026630000220032465000280034694200250037499900170039995201450041620090604160452.0020212s2002 flua 000 0 eng  aENG-93892 c300.00a8181040597 aEN-77425 bDBAD / PUB adplbEnglish  a330.03 aSharma, Ravinder  aA dictionary of economics /cby Ravinder Sharma  aNew Delhi bRachan Prakashanc2008 aA-47, Amar Colony, Lajpat Nagar, bNew Delhi e110024 a351p. c22cm(Hb)  aEconomicsvDictionaries 2ddccENmSHAh330.03 c27242d27242 00102ddc40718NFICaDBADbDBADd2009-06-04eDBAD / PUBg300.00l0o330.03 SHApEN-77425r2009-06-04 00:00:00t1v300.00w2009-06-04yEN